[Event "Cappelle-la-Grande 2014"]
[Site "Cappelle-la-Grande (FRA)"]
[Date "????.??.??"]
[Round "3.30"]
[White "Rusev, Krasimir"]
[Black "Leenhouts, Koen"]
[Result "1/2-1/2"]
[WhiteElo "2541"]
[BlackElo "2391"]
[PlyCount "210"]

1. Nf3 Nf6 2. c4 g6 3. Nc3 d5 4. cxd5 Nxd5 5. d3 Nxc3 6. bxc3 Bg7 7. Bd2 O-O 8.
g3 c5 9. Bg2 Nc6 10. Rb1 b6 11. O-O Bb7 12. Qa4 Rc8 13. Rfd1 e5 14. Bg5 f6 15.
Be3 Na5 16. Nd2 Bxg2 17. Kxg2 Qd5+ 18. f3 Rfd8 19. Rb5 Qd7 20. Nc4 Nxc4 21.
Qxc4+ Qf7 22. Qxf7+ Kxf7 23. c4 f5 24. a4 e4 25. a5 exd3 26. Rxd3 Rxd3 27. exd3
Rd8 28. axb6 axb6 29. Rxb6 Rxd3 30. Rb7+ Kg8 31. Bxc5 Rd2+ 32. Kg1 Rd1+ 33. Kf2
Rc1 34. Rb4 Rc2+ 35. Ke3 Rxh2 36. Rb8+ Kf7 37. Rb7+ Kg8 38. Bd4 Bh6+ 39. Kd3
Rd2+ 40. Kc3 Rg2 41. Be5 Re2 42. f4 Bf8 43. Bd4 Rg2 44. c5 Bxc5 45. Bxc5 Rxg3+
46. Kd4 g5 47. Ke5 gxf4 48. Kxf4 Rg6 49. Kxf5 Ra6 50. Rd7 Ra1 51. Bd4 Rf1+ 52.
Ke6 h5 53. Bf6 Re1+ 54. Be5 Rf1 55. Rg7+ Kf8 56. Rh7 Ke8 57. Rxh5 Rf7 58. Rh8+
Rf8 59. Rh7 Rf1 60. Ra7 Rd1 61. Re7+ Kd8 62. Rh7 Kc8 63. Rc7+ Kd8 64. Rc2 Ke8
65. Ra2 Rd7 66. Bd6 Re7+ 67. Kd5 Re1 68. Bb4 Rh1 69. Bc3 Kf7 70. Ra7+ Kg6 71.
Ke6 Kg5 72. Rg7+ Kf4 73. Be5+ Ke4 74. Rg4+ Kf3 75. Ra4 Ke3 76. Kd5 Rd1+ 77.
Bd4+ Kf3 78. Ra3+ Kf4 79. Ra7 Kf5 80. Rf7+ Kg6 81. Rf3 Kg5 82. Rf8 Kg6 83. Ke4
Re1+ 84. Be3 Kg7 85. Rf3 Kg6 86. Ke5 Re2 87. Ke6 Ra2 88. Rg3+ Kh5 89. Bd4 Kh4
90. Be5 Rf2 91. Rg8 Rf1 92. Bd4 Kh3 93. Ke5 Rb1 94. Ke4 Rb4 95. Ke3 Kh4 96. Ke4
Ra4 97. Rd8 Kg4 98. Rd5 Rb4 99. Ke5 Ra4 100. Bc3 Kf3 101. Rd3+ Kg4 102. Be1 Kg5
103. Rg3+ Rg4 104. Bd2+ Kh5 105. Ra3 Rc4 1/2-1/2

[Event "Cappelle-la-Grande 2014"]
[Site "Cappelle-la-Grande (FRA)"]
[Date "????.??.??"]
[Round "3.31"]
[White "Warakomska, Anna"]
[Black "Timoshenko, Georgy"]
[Result "0-1"]
[WhiteElo "2144"]
[BlackElo "2531"]
[PlyCount "64"]

1. c4 e5 2. Nc3 Nc6 3. g3 f5 4. Bg2 Nf6 5. d3 Bb4 6. a3 Bxc3+ 7. bxc3 O-O 8. e3
d6 9. Ne2 Kh8 10. O-O Qe8 11. a4 a5 12. Ba3 b6 13. Qc2 Ba6 14. Rfd1 Rd8 15. Qb3
e4 16. d4 Qf7 17. Nf4 Bxc4 18. Qb2 g5 19. Ne2 Ne7 20. Qd2 Ned5 21. Re1 Qh5 22.
Bb2 f4 23. exf4 gxf4 24. Nxf4 Nxf4 25. gxf4 Rg8 26. Re3 Qf3 27. Rxf3 exf3 28.
Qe3 Rxg2+ 29. Kh1 Ng4 30. Qxf3 Rxf2 31. Qxg4 Bd5+ 32. Kg1 Rxb2 0-1

[Event "Cappelle-la-Grande 2014"]
[Site "Cappelle-la-Grande (FRA)"]
[Date "????.??.??"]
[Round "3.32"]
[White "Kveinys, Aloyzas"]
[Black "Migot, Tangi"]
[Result "1-0"]
[WhiteElo "2530"]
[BlackElo "2379"]
[PlyCount "47"]

1. e4 c5 2. Nf3 d6 3. d4 cxd4 4. Nxd4 Nf6 5. Nc3 g6 6. Bc4 Bg7 7. O-O O-O 8.
Re1 Nc6 9. h3 a6 10. Bb3 Bd7 11. Bg5 Rc8 12. Nxc6 Bxc6 13. Qd2 Re8 14. Rad1 b5
15. Nd5 Nd7 16. Nxe7+ Rxe7 17. Qxd6 Bf8 18. e5 Re6 19. Qxe6 fxe6 20. Bxe6+ Kg7
21. Bxd8 Rxd8 22. Bxd7 Rxd7 23. Rxd7+ Bxd7 24. e6 1-0

[Event "Cappelle-la-Grande 2014"]
[Site "Cappelle-la-Grande (FRA)"]
[Date "????.??.??"]
[Round "3.33"]
[White "Hovhanisian, Mher"]
[Black "Rambaldi, Francesco"]
[Result "1/2-1/2"]
[WhiteElo "2526"]
[BlackElo "2388"]
[PlyCount "62"]

1. e4 c6 2. c4 d5 3. exd5 cxd5 4. cxd5 Nf6 5. Qa4+ Nbd7 6. Nc3 g6 7. Bc4 Bg7 8.
Nf3 O-O 9. d3 a6 10. Qa3 Nb6 11. Qb3 Bg4 12. Ne5 Qc7 13. Nxg4 Nxg4 14. h3 Ne5
15. O-O Nbxc4 16. dxc4 Nxc4 17. Re1 Rfe8 18. Re4 b5 19. a4 Nd6 20. Bf4 Qd7 21.
Re2 Rac8 22. axb5 Bxc3 23. bxc3 Qxb5 24. Qa2 Rxc3 25. Qxa6 Qxd5 26. Bxd6 Rc6
27. Rxe7 Rd8 28. Qe2 Rcxd6 29. Re8+ Kg7 30. Qb2+ Qd4 31. Qxd4+ Rxd4 1/2-1/2

[Event "Cappelle-la-Grande 2014"]
[Site "Cappelle-la-Grande (FRA)"]
[Date "????.??.??"]
[Round "3.34"]
[White "Prevot, Emmanuel"]
[Black "Rombaldoni, Axel"]
[Result "0-1"]
[WhiteElo "2095"]
[BlackElo "2518"]
[PlyCount "66"]

1. e4 c5 2. Nf3 d6 3. c3 Nf6 4. Be2 g6 5. O-O Bg7 6. Re1 O-O 7. Bf1 Nc6 8. h3
e5 9. d4 exd4 10. cxd4 cxd4 11. Nxd4 Nxd4 12. Qxd4 Re8 13. Bg5 Bf5 14. g4 Bxe4
15. Nc3 Bc6 16. Rxe8+ Nxe8 17. Qd2 Qa5 18. Rd1 Nc7 19. Bc4 Re8 20. Qxd6 Ne6 21.
Bxe6 Qxg5 22. Bd5 Be5 23. Qc5 Kg7 24. Bxc6 Bh2+ 25. Kxh2 Qxc5 26. Bxe8 Qxf2+
27. Kh1 Qxb2 28. Ne4 Qe2 29. Rd4 Qe3 30. Ra4 f5 31. gxf5 gxf5 32. Nd6 Qxh3+ 33.
Kg1 Qg3+ 0-1

[Event "Cappelle-la-Grande 2014"]
[Site "Cappelle-la-Grande (FRA)"]
[Date "????.??.??"]
[Round "3.35"]
[White "Goossens, Hanne"]
[Black "Chernyshov, Konstantin"]
[Result "0-1"]
[WhiteElo "2092"]
[BlackElo "2504"]
[PlyCount "100"]

1. e4 g6 2. d4 Bg7 3. Bc4 c6 4. Nf3 d5 5. exd5 cxd5 6. Bb5+ Nc6 7. Ne5 Qb6 8.
Nc3 Nf6 9. O-O O-O 10. Bxc6 bxc6 11. Na4 Qc7 12. Re1 Nd7 13. Nxd7 Qxd7 14. Bf4
Re8 15. Nc5 Qd8 16. c3 Qb6 17. b3 Bf5 18. g4 Bc8 19. Re3 e5 20. Bxe5 Bxe5 21.
Qe2 Bxh2+ 22. Kxh2 Qc7+ 23. Kg2 Rxe3 24. fxe3 Qe7 25. Rg1 Qh4 26. Kf1 h5 27.
Qf2 Qxf2+ 28. Kxf2 Bxg4 29. e4 dxe4 30. Nxe4 Kg7 31. Nd6 Rd8 32. Nc4 f6 33. Re1
Kf7 34. Na5 Rd6 35. Nb7 Rd5 36. Nc5 g5 37. Kg3 Bc8 38. Rf1 h4+ 39. Kg2 g4 40.
Ne4 Bf5 41. Nc5 Kg6 42. Re1 Kg5 43. a4 a5 44. Re7 Kf4 45. Ne6+ Bxe6 46. Rxe6
Rf5 47. Rxc6 h3+ 48. Kh2 g3+ 49. Kxh3 Kf3 50. Rc5 Rxc5 0-1

[Event "Cappelle-la-Grande 2014"]
[Site "Cappelle-la-Grande (FRA)"]
[Date "????.??.??"]
[Round "3.36"]
[White "Ulibin, Mikhail"]
[Black "Kryvoruchko, Vita"]
[Result "1-0"]
[WhiteElo "2491"]
[BlackElo "2201"]
[PlyCount "65"]

1. e4 c5 2. Nf3 d6 3. Bb5+ Bd7 4. Bxd7+ Qxd7 5. O-O Nc6 6. c3 Nf6 7. d4 Nxe4 8.
d5 Nb8 9. Re1 Nf6 10. Bg5 Na6 11. c4 O-O-O 12. Nc3 Nc7 13. Rb1 h6 14. Bxf6 exf6
15. b4 cxb4 16. Rxb4 Na6 17. Ra4 Kb8 18. Nb5 Rc8 19. Nfd4 g5 20. Re3 Bg7 21.
Rea3 f5 22. Rxa6 bxa6 23. Rxa6 Bxd4 24. Qxd4 Rhe8 25. h3 Re4 26. Qb2 Qb7 27.
Qa3 Rexc4 28. Qxd6+ R8c7 29. a4 R4c5 30. Rxa7 Qxd5 31. Qb6+ Rb7 32. Rxb7+ Qxb7
33. Qxc5 1-0

[Event "Cappelle-la-Grande 2014"]
[Site "Cappelle-la-Grande (FRA)"]
[Date "????.??.??"]
[Round "3.37"]
[White "Chabanon, Jean-Luc"]
[Black "Jarmula, Lukasz"]
[Result "1/2-1/2"]
[WhiteElo "2479"]
[BlackElo "2225"]
[PlyCount "101"]

1. d4 Nf6 2. c4 e6 3. Nf3 b6 4. Nc3 Bb7 5. a3 Be7 6. d5 O-O 7. g3 d6 8. Bg2 c5
9. O-O exd5 10. cxd5 Nbd7 11. Nh4 g6 12. Bh6 Re8 13. h3 a6 14. a4 b5 15. axb5
axb5 16. Rxa8 Bxa8 17. Nxb5 Qb6 18. Na3 Qxb2 19. Nc4 Qd4 20. Qxd4 cxd4 21. Rd1
Bxd5 22. Bxd5 Nxd5 23. Rxd4 Nc3 24. Rd3 Ne4 25. Nf3 Rc8 26. Ne3 Ndf6 27. Bf4
Rc6 28. g4 Kg7 29. Kg2 Nc5 30. Rd1 Ne6 31. Bg3 h6 32. Ra1 Bd8 33. Ra4 Bb6 34.
Rc4 Bc5 35. h4 Ra6 36. g5 hxg5 37. Nxg5 Nd4 38. Be5 Nxe2 39. Rxc5 dxc5 40. Nd5
c4 41. Kf3 Nc1 42. Ne4 Nd3 43. Bc3 Ra3 44. Bxf6+ Kg8 45. Ndc3 Ra5 46. Ke3 Rf5
47. Bd4 Ne1 48. Bf6 Nd3 49. Bd4 Ne1 50. Nf6+ Kf8 51. Ke4 1/2-1/2

[Event "Cappelle-la-Grande 2014"]
[Site "Cappelle-la-Grande (FRA)"]
[Date "????.??.??"]
[Round "3.38"]
[White "Bailet, Pierre"]
[Black "Tomczak, Mikolaj"]
[Result "1-0"]
[WhiteElo "2477"]
[BlackElo "2138"]
[PlyCount "113"]

1. d4 Nf6 2. Nf3 e6 3. c4 b6 4. g3 Bb7 5. Bg2 Be7 6. O-O O-O 7. Nc3 Ne4 8. Bd2
Nxc3 9. Bxc3 d5 10. Qc2 Nd7 11. cxd5 Bxd5 12. e4 Bb7 13. Rad1 c6 14. Rfe1 Rc8
15. Qe2 Re8 16. h4 Qc7 17. Ng5 h6 18. Nh3 Bf8 19. Nf4 Bd6 20. e5 Bf8 21. Be4 g6
22. Qf3 Ba8 23. b4 Bg7 24. Rc1 c5 25. Bxa8 Rxa8 26. bxc5 bxc5 27. Bb4 c4 28.
Bd6 Qa5 29. d5 exd5 30. Nxd5 Rac8 31. e6 fxe6 32. Ne7+ Rxe7 33. Bxe7 Ne5 34.
Qb7 Re8 35. Red1 Qxa2 36. Bc5 Qe2 37. Be3 Nd3 38. Rd2 Qg4 39. Qc6 Rf8 40. Rxc4
Qf5 41. g4 Qd5 42. Qxd5 exd5 43. Rc7 Ne1 44. Rxd5 Nf3+ 45. Kf1 Nh2+ 46. Kg2
Nxg4 47. Bc5 Re8 48. Rd6 Nf6 49. Bd4 Rf8 50. Rxa7 h5 51. Raa6 Ne8 52. Bxg7 Nxg7
53. Rxg6 Kh7 54. Rh6+ Kg8 55. Ra7 Re8 56. Rg6 Kh8 57. Rgxg7 1-0

[Event "Cappelle-la-Grande 2014"]
[Site "Cappelle-la-Grande (FRA)"]
[Date "????.??.??"]
[Round "3.39"]
[White "Burille, Matthieu"]
[Black "Vishnu Prasanna. V"]
[Result "0-1"]
[WhiteElo "2051"]
[BlackElo "2462"]
[PlyCount "84"]

1. e4 c5 2. Nf3 d6 3. d4 cxd4 4. Nxd4 Nf6 5. Nc3 a6 6. Be3 e5 7. Nb3 Be7 8. f3
Be6 9. Qd2 Nbd7 10. g4 h6 11. O-O-O b5 12. Kb1 Nb6 13. Bxb6 Qxb6 14. Nd5 Nxd5
15. exd5 Bd7 16. h4 a5 17. Na1 b4 18. Bd3 a4 19. g5 a3 20. bxa3 Rxa3 21. Nb3 h5
22. f4 O-O 23. fxe5 dxe5 24. g6 Qd6 25. gxf7+ Rxf7 26. Rdf1 Rf4 27. Rxf4 exf4
28. Qe2 Bg4 29. Qe4 f3 30. Re1 Ra7 31. Nd4 b3 32. cxb3 Qa3 33. Qh7+ Kf8 34. d6
Qxa2+ 35. Kc1 Qa1+ 36. Kd2 Ra2+ 37. Nc2 Rxc2+ 38. Bxc2 Qa5+ 39. b4 Qxb4+ 40.
Kd3 Qxd6+ 41. Ke3 Qc5+ 42. Kd2 Qa5+ 0-1

[Event "Cappelle-la-Grande 2014"]
[Site "Cappelle-la-Grande (FRA)"]
[Date "????.??.??"]
[Round "3.40"]
[White "Vekemans, Sylvain"]
[Black "Drasko, Milan"]
[Result "0-1"]
[WhiteElo "1867"]
[BlackElo "2460"]
[PlyCount "46"]

1. c4 e6 2. Nc3 Bb4 3. Qc2 Nf6 4. e4 d6 5. d4 Nbd7 6. a3 Bxc3+ 7. bxc3 O-O 8.
Bg5 c5 9. Rd1 h6 10. Bh4 cxd4 11. cxd4 Qa5+ 12. Rd2 b6 13. Bd3 Ba6 14. Ne2 Rac8
15. Qa2 d5 16. e5 dxc4 17. Nc1 cxd3 18. Nb3 Qd5 19. exf6 Qxg2 20. Rf1 Qe4+ 21.
Kd1 Rc2 22. Qb1 Qf3+ 23. Ke1 Rxd2 0-1

[Event "Cappelle-la-Grande 2014"]
[Site "Cappelle-la-Grande (FRA)"]
[Date "????.??.??"]
[Round "3.41"]
[White "Barbosa, Evandro Amorim"]
[Black "Wozniak, Mariola"]
[Result "1-0"]
[WhiteElo "2459"]
[BlackElo "2099"]
[PlyCount "45"]

1. e4 c5 2. Nf3 d6 3. d4 cxd4 4. Nxd4 Nf6 5. Nc3 a6 6. Be3 e6 7. f3 b5 8. Qd2
Nbd7 9. g4 Nb6 10. a4 b4 11. Na2 e5 12. Nc6 Qc7 13. Naxb4 Bb7 14. Qc3 Rc8 15.
Na5 d5 16. Qxc7 Bxb4+ 17. c3 Rxc7 18. cxb4 d4 19. Nxb7 dxe3 20. Nc5 a5 21. bxa5
Rxc5 22. axb6 Ke7 23. Bd3 1-0

[Event "Cappelle-la-Grande 2014"]
[Site "Cappelle-la-Grande (FRA)"]
[Date "????.??.??"]
[Round "3.42"]
[White "Sakai, Sou"]
[Black "Dumitrache, Dragos-Nicolae"]
[Result "0-1"]
[WhiteElo "1859"]
[BlackElo "2453"]
[PlyCount "88"]

1. d4 d6 2. Nf3 Nf6 3. c4 Bg4 4. Nc3 Bxf3 5. exf3 c6 6. Be3 g6 7. Qd2 d5 8. Be2
Bg7 9. O-O O-O 10. Rad1 e6 11. Rb1 Nbd7 12. b4 dxc4 13. Bxc4 Nb6 14. Be2 a6 15.
Rfd1 Re8 16. Qc2 Qe7 17. Ne4 Nfd5 18. Qc5 Qc7 19. Rb3 Rad8 20. Bg5 f6 21. Bh4
g5 22. Bg3 Nf4 23. Bxf4 gxf4 24. Qh5 f5 25. Ng5 Bf6 26. g3 Qg7 27. Nh3 fxg3 28.
hxg3 Qg6 29. f4 Qxh5 30. Bxh5 Re7 31. Ng5 Rxd4 32. Rxd4 Bxd4 33. Bf7+ Rxf7 34.
Nxf7 Kxf7 35. Rd3 Bf6 36. Kf1 Nd5 37. a3 Ke7 38. Rb3 Kd6 39. a4 b5 40. axb5
axb5 41. f3 Bc3 42. g4 Bxb4 43. g5 Bd2 44. Rd3 Bxf4 0-1

[Event "Cappelle-la-Grande 2014"]
[Site "Cappelle-la-Grande (FRA)"]
[Date "????.??.??"]
[Round "3.43"]
[White "Haub, Thorsten Michael"]
[Black "Den Hartog, Marijn"]
[Result "1-0"]
[WhiteElo "2449"]
[BlackElo "2034"]
[PlyCount "113"]

1. g3 d5 2. Bg2 Nf6 3. d3 e5 4. a3 a5 5. Nc3 c6 6. Nf3 Bd6 7. O-O O-O 8. e4
dxe4 9. Nxe4 Nxe4 10. dxe4 Qe7 11. Qe2 Na6 12. Rd1 f6 13. Nd2 b5 14. Nf1 Nc5
15. Ne3 g6 16. h4 Ne6 17. b3 Nd4 18. Qe1 Be6 19. Bb2 Bc5 20. b4 Bb6 21. Bxd4
exd4 22. Nd5 Bxd5 23. exd5 Qxe1+ 24. Rxe1 axb4 25. axb4 Rxa1 26. Rxa1 cxd5 27.
Bxd5+ Kg7 28. Re1 Kh6 29. Re6 Ba7 30. Re7 Bb8 31. Rb7 Bd6 32. Rxb5 Rb8 33. Bb7
Kg7 34. Kf1 Kf7 35. Ke2 Ke7 36. Kd3 Kd7 37. Kc4 Kc7 38. Ba6 Rb6 39. Rxb6 Kxb6
40. Bc8 h6 41. Bd7 f5 42. h5 gxh5 43. Bxf5 Be7 44. Bg6 h4 45. gxh4 Bxh4 46. f4
Bf6 47. Be8 Bg7 48. f5 Bh8 49. Kd5 Kc7 50. Ke6 Kd8 51. Bh5 Bg7 52. f6 Bf8 53.
b5 Kc7 54. Bf3 Kb6 55. Bc6 Bc5 56. Kd7 Ka5 57. f7 1-0

[Event "Cappelle-la-Grande 2014"]
[Site "Cappelle-la-Grande (FRA)"]
[Date "????.??.??"]
[Round "3.44"]
[White "Kravtsiv, Martyn"]
[Black "Guez, Fabien"]
[Result "1-0"]
[WhiteElo "2601"]
[BlackElo "1956"]
[PlyCount "69"]

1. e4 e5 2. Nf3 Nc6 3. Bb5 a6 4. Ba4 Nf6 5. O-O Be7 6. Re1 b5 7. Bb3 d6 8. c3
O-O 9. h3 Na5 10. Bc2 d5 11. d4 dxe4 12. Nxe5 c5 13. Be3 Qc7 14. Nd2 Bb7 15.
Qb1 cxd4 16. Bxd4 Bd6 17. Ng4 Nxg4 18. hxg4 Bh2+ 19. Kh1 f5 20. gxf5 Rxf5 21.
Bxe4 Rh5 22. Qd3 g6 23. Bxb7 Qxb7 24. Nf3 Qc7 25. g4 Rh6 26. Be3 Bf4+ 27. Kg1
Rf8 28. Qd5+ Rf7 29. Bd4 Qd7 30. Qxd7 Rxd7 31. Re6 Rd6 32. Rae1 Rxe6 33. Rxe6
Nc4 34. b3 Nd6 35. Rf6 1-0

[Event "Cappelle-la-Grande 2014"]
[Site "Cappelle-la-Grande (FRA)"]
[Date "????.??.??"]
[Round "3.45"]
[White "Jeanne, Mickael"]
[Black "Baryshpolets, Andrey"]
[Result "0-1"]
[WhiteElo "2234"]
[BlackElo "2558"]
[PlyCount "70"]

1. Nf3 Nf6 2. c4 e6 3. Nc3 d5 4. d4 c6 5. cxd5 exd5 6. Bg5 Be7 7. e3 Bf5 8. Bd3
Bxd3 9. Qxd3 Nbd7 10. O-O O-O 11. Rab1 a5 12. Rfc1 Ne4 13. Bxe7 Qxe7 14. Nd2 f5
15. Ndxe4 fxe4 16. Qe2 Rf6 17. Na4 Raf8 18. Nc5 Rxf2 19. Qxf2 Rxf2 20. Kxf2 Nf6
21. h3 Nh5 22. Kg1 Ng3 23. Rc2 b6 24. Na4 Qb4 25. b3 Nf5 26. Re2 b5 27. Nb2 Qc3
28. Rbe1 Nxe3 29. Nd1 Nxd1 30. Rxd1 c5 31. dxc5 Qxc5+ 32. Kf1 e3 33. Rd3 d4 34.
Ke1 h6 35. Kd1 Qf5 0-1

[Event "Cappelle-la-Grande 2014"]
[Site "Cappelle-la-Grande (FRA)"]
[Date "????.??.??"]
[Round "3.46"]
[White "Aubry, Yannis"]
[Black "Eingorn, Vereslav S"]
[Result "0-1"]
[WhiteElo "2231"]
[BlackElo "2556"]
[PlyCount "24"]

1. c4 c5 2. Nc3 g6 3. g3 Bg7 4. Bg2 Nc6 5. e3 e5 6. Nge2 Nge7 7. d4 cxd4 8.
exd4 exd4 9. Nb5 d5 10. Bf4 O-O 11. Nc7 g5 12. Nxa8 gxf4 0-1

[Event "Cappelle-la-Grande 2014"]
[Site "Cappelle-la-Grande (FRA)"]
[Date "????.??.??"]
[Round "3.47"]
[White "Popovic, Dusan"]
[Black "Goczo, Melinda"]
[Result "1-0"]
[WhiteElo "2553"]
[BlackElo "2227"]
[PlyCount "109"]

1. g3 Nf6 2. Bg2 d5 3. Nf3 g6 4. O-O Bg7 5. d3 O-O 6. Nbd2 c5 7. e4 Nc6 8. exd5
Nxd5 9. Nb3 b6 10. Re1 Bb7 11. c3 e5 12. a4 Qd7 13. Nbd2 Rfe8 14. Nc4 h6 15.
Qb3 Rab8 16. a5 Qc7 17. axb6 axb6 18. Nfd2 Nce7 19. Ra7 Red8 20. Na3 Qd7 21.
Nac4 Nc6 22. Ra1 Bc8 23. Ne4 Qc7 24. Qc2 Be6 25. h4 f5 26. Ned2 b5 27. Ne3 Nce7
28. Nf3 Bf7 29. Qe2 Re8 30. Bh3 Nxe3 31. Bxe3 Nd5 32. h5 f4 33. hxg6 Bxg6 34.
Nh4 Bh7 35. Bg2 Nf6 36. Bc1 c4 37. dxc4 bxc4 38. Bf1 Bd3 39. Qf3 e4 40. Bxf4
Qd7 41. Qh1 Rxb2 42. Bh3 Ng4 43. Ng2 Bxc3 44. Ne3 h5 45. Bxg4 hxg4 46. Qh5 Rb5
47. Qg6+ Kh8 48. Kg2 Bxe1 49. Rxe1 Re7 50. Rh1+ Rh7 51. Rxh7+ Qxh7 52. Qe8+ Kg7
53. Qxb5 Qh3+ 54. Kg1 Be2 55. Qb2+ 1-0

[Event "Cappelle-la-Grande 2014"]
[Site "Cappelle-la-Grande (FRA)"]
[Date "????.??.??"]
[Round "3.48"]
[White "Arizmendi Martinez, Julen Luis"]
[Black "Bomans, Arno"]
[Result "1-0"]
[WhiteElo "2547"]
[BlackElo "2225"]
[PlyCount "125"]

1. e4 e5 2. Nf3 Nc6 3. Bb5 a6 4. Bxc6 dxc6 5. O-O Ne7 6. Nxe5 Qd4 7. Qh5 g6 8.
Nf3 Qxe4 9. Qa5 Bg4 10. d3 Qf5 11. Qxf5 Bxf5 12. Re1 f6 13. Nc3 Kf7 14. Ne4 Nd5
15. a3 c5 16. c4 Bxe4 17. dxe4 Nb6 18. e5 Re8 19. b3 Nd7 20. exf6 Rxe1+ 21.
Nxe1 Bd6 22. Nf3 h6 23. Bb2 Re8 24. Re1 Rxe1+ 25. Nxe1 Be5 26. Bxe5 Nxe5 27. f4
Nc6 28. Nd3 Kxf6 29. Nxc5 Na5 30. Kf2 Kf5 31. Ke3 c6 32. h3 h5 33. g3 b6 34.
Nxa6 Nxb3 35. Kd3 h4 36. gxh4 Kxf4 37. Nb8 Nc5+ 38. Kc2 Kg3 39. Nxc6 Kxh4 40.
Ne5 g5 41. Nf3+ Kxh3 42. Nxg5+ Kg4 43. Nf7 Nb7 44. Ne5+ Kf5 45. Nd7 b5 46. cxb5
Ke6 47. Nb6 Kd6 48. Na4 Kc7 49. Kc3 Nd6 50. Kb4 Kb7 51. Nc5+ Ka7 52. a4 Kb6 53.
Nd7+ Kc7 54. Ne5 Ne4 55. a5 Kb7 56. a6+ Kb6 57. Nc4+ Ka7 58. Ka5 Nc3 59. b6+
Kb8 60. a7+ Kb7 61. Nd6+ Ka8 62. Ka6 Nb5 63. b7# 1-0

[Event "Cappelle-la-Grande 2014"]
[Site "Cappelle-la-Grande (FRA)"]
[Date "????.??.??"]
[Round "3.49"]
[White "Kurajica, Bojan"]
[Black "Le Goff, Damien"]
[Result "1-0"]
[WhiteElo "2505"]
[BlackElo "2224"]
[PlyCount "49"]

1. d4 Nf6 2. Nf3 c5 3. c4 cxd4 4. Nxd4 e5 5. Nb5 d5 6. cxd5 Bb4+ 7. Bd2 Bc5 8.
Qc2 Na6 9. a3 Ng4 10. e3 Qh4 11. Nc7+ Nxc7 12. Qxc5 Qxf2+ 13. Kd1 b6 14. Qxc7
Nxe3+ 15. Kc1 O-O 16. Bd3 Bf5 17. Qxe5 Rfe8 18. Bxe3 Qxg2 19. Qxf5 Qxh1+ 20.
Kd2 g6 21. Qf6 Qxh2+ 22. Bf2 Qh6+ 23. Kc2 Qh1 24. Bd4 Qg2+ 25. Kb3 1-0

[Event "Cappelle-la-Grande 2014"]
[Site "Cappelle-la-Grande (FRA)"]
[Date "????.??.??"]
[Round "3.50"]
[White "Wan, Yunguo"]
[Black "Noiroux, Kevin"]
[Result "1-0"]
[WhiteElo "2504"]
[BlackElo "2222"]
[PlyCount "175"]

1. e4 e6 2. d4 d5 3. Nc3 Nf6 4. e5 Nfd7 5. f4 c5 6. Nf3 Nc6 7. Be3 Be7 8. Qd2
O-O 9. Be2 a6 10. O-O b5 11. a3 Qb6 12. Nd1 a5 13. c3 a4 14. dxc5 Bxc5 15. Bd3
f6 16. exf6 Nxf6 17. Bxc5 Qxc5+ 18. Qe3 Qxe3+ 19. Nxe3 Rb8 20. Rae1 Na5 21. Nd4
Nc4 22. Re2 Nd6 23. Nc6 Rb7 24. Nc2 Nfe4 25. N2d4 Nc5 26. Ne5 Nc4 27. Bb1 Nd6
28. g3 Nde4 29. Nd3 Bd7 30. Rfe1 Nxd3 31. Bxd3 Nc5 32. Re3 g6 33. Bc2 Rb6 34.
Re5 Kg7 35. h4 Rf6 36. Kg2 Rb8 37. R1e3 Rbf8 38. Bd3 Rb8 39. Kf3 Kg8 40. Bc2
Kg7 41. Re1 Rbf8 42. Ke3 Kf7 43. h5 Kg7 44. hxg6 hxg6 45. Rh1 Nb7 46. Nf3 Nd8
47. Ng5 Rh8 48. Rxh8 Kxh8 49. Kd2 Kg7 50. Re2 Nf7 51. Nxf7 Rxf7 52. Ke3 g5 53.
fxg5 e5 54. Rh2 Bf5 55. Bxf5 Rxf5 56. Rd2 e4 57. g4 Rxg5 58. Kf4 Kf6 59. Rh2
Rg6 60. Rh5 Ke6 61. g5 Kf7 62. Rh7+ Rg7 63. Rh2 Kg8 64. Kf5 Rh7 65. Rd2 Rf7+
66. Ke6 e3 67. Re2 Rf2 68. Rxe3 Rxb2 69. Kxd5 Rb3 70. Kc5 b4 71. axb4 a3 72.
Kc4 a2 73. Re8+ Kf7 74. Ra8 Rb2 75. Ra6 Rg2 76. g6+ Ke7 77. Kb3 Kd7 78. Rxa2
Rxg6 79. Ra7+ Kc8 80. b5 Kb8 81. Rh7 Rg4 82. c4 Rf4 83. Kb4 Rf1 84. b6 Rb1+ 85.
Kc5 Rg1 86. Kb5 Ka8 87. c5 Rg2 88. Rh8+ 1-0

[Event "Cappelle-la-Grande 2014"]
[Site "Cappelle-la-Grande (FRA)"]
[Date "????.??.??"]
[Round "3.51"]
[White "Lorscheid, Gerhard"]
[Black "Andreev, Eduard"]
[Result "0-1"]
[WhiteElo "2229"]
[BlackElo "2499"]
[PlyCount "70"]

1. d4 g6 2. e4 Bg7 3. Nf3 d6 4. Bc4 Nf6 5. Qe2 d5 6. exd5 Nxd5 7. O-O O-O 8.
Bxd5 Qxd5 9. Qxe7 Nc6 10. Qxc7 Bg4 11. Nbd2 Nxd4 12. Nxd4 Bxd4 13. Qg3 Be2 14.
Re1 Rfe8 15. Nf1 Bxf1 16. Rxf1 Re2 17. c3 Bb6 18. Qf3 Qxf3 19. gxf3 Rae8 20. a4
R8e5 21. b4 a6 22. Bf4 Rf5 23. Bg3 Rxf3 24. a5 Bd8 25. Rad1 Be7 26. Rd7 Rxc3
27. Rb1 h5 28. Kf1 Rcc2 29. h4 f5 30. Rxb7 f4 31. Rxe7 Rxe7 32. Bxf4 Rb7 33.
Be3 Rc4 34. Bb6 Rxh4 35. b5 Rh1+ 0-1

[Event "Cappelle-la-Grande 2014"]
[Site "Cappelle-la-Grande (FRA)"]
[Date "????.??.??"]
[Round "3.52"]
[White "Fayard, Alain"]
[Black "Manolache, Marius"]
[Result "0-1"]
[WhiteElo "2225"]
[BlackElo "2495"]
[PlyCount "70"]

1. d4 Nf6 2. c4 d6 3. Nc3 g6 4. e4 Bg7 5. f3 O-O 6. Be3 Nc6 7. Nge2 a6 8. Qd2
Bd7 9. Rc1 Re8 10. Nd1 b5 11. c5 e6 12. g3 dxc5 13. Rxc5 Bf8 14. Rc1 Bb4 15.
Ndc3 e5 16. d5 Na5 17. b3 c6 18. dxc6 Bxc6 19. Qxd8 Raxd8 20. Kf2 Nb7 21. Nb1
Bxe4 22. fxe4 Nxe4+ 23. Kf3 Nf6 24. a3 Be7 25. Bh3 Rd3 26. Rhd1 Bc5 27. Rxd3
e4+ 28. Kf2 exd3 29. Nd4 Nd5 30. Rxc5 Nxc5 31. Bd2 Ne4+ 32. Kf3 f5 33. Bf1 Ndf6
34. Bxd3 Nxd2+ 35. Nxd2 Rd8 0-1

[Event "Cappelle-la-Grande 2014"]
[Site "Cappelle-la-Grande (FRA)"]
[Date "????.??.??"]
[Round "3.53"]
[White "Lopez, Jasel"]
[Black "Lalic, Bogdan"]
[Result "0-1"]
[WhiteElo "2202"]
[BlackElo "2491"]
[PlyCount "74"]

1. d4 Nf6 2. c4 g6 3. Nc3 d5 4. Nf3 Bg7 5. Qb3 dxc4 6. Qxc4 O-O 7. e4 a6 8. e5
b5 9. Qb3 Nfd7 10. Ng5 Nb6 11. Be3 Nc6 12. Rd1 Na5 13. Qc2 Bf5 14. Bd3 Bxd3 15.
Qxd3 Nbc4 16. Qe2 c5 17. e6 f6 18. dxc5 Qc8 19. Nd5 Re8 20. Nf3 Nxe3 21. Qxe3
Nc4 22. Qe2 Qxc5 23. b3 Nb6 24. Nxb6 Qxb6 25. O-O f5 26. h4 Rac8 27. Rc1 Bf6
28. h5 Rc6 29. hxg6 hxg6 30. Rxc6 Qxc6 31. Rd1 Kg7 32. Nd4 Qc5 33. Nc2 Rc8 34.
Ne3 Qe5 35. a4 f4 36. Rd5 Rc1+ 37. Kh2 f3+ 0-1

[Event "Cappelle-la-Grande 2014"]
[Site "Cappelle-la-Grande (FRA)"]
[Date "????.??.??"]
[Round "3.54"]
[White "Andrenko, Irina"]
[Black "Castellanos Rodrigue, Renier"]
[Result "0-1"]
[WhiteElo "2219"]
[BlackElo "2488"]
[PlyCount "102"]

1. e4 c5 2. Nf3 e6 3. d4 cxd4 4. Nxd4 a6 5. Nc3 d6 6. g3 Ne7 7. Bg2 Nec6 8. O-O
b5 9. b3 Be7 10. Bb2 O-O 11. Kh1 Bb7 12. f4 Nd7 13. a3 Rc8 14. Nde2 Nf6 15. h3
b4 16. axb4 Nxb4 17. g4 d5 18. e5 Ne4 19. Nxe4 dxe4 20. c4 Nd3 21. Bd4 Bc5 22.
Bxc5 Nxc5 23. Rb1 a5 24. Nc3 Bc6 25. Qe1 Qd4 26. Ne2 Qe3 27. Nc3 Qd4 28. Ne2
Qd3 29. Qxa5 Nxb3 30. Rxb3 Qxb3 31. c5 e3 32. Qb6 Bxg2+ 33. Kxg2 Qd5+ 34. Kg3
Rxc5 35. Rf3 Rfc8 36. Rxe3 Qd2 37. Kf2 h6 38. Qb7 Rc1 39. Qg2 Qe1+ 40. Kf3 R1c2
41. Qf2 Qd1 42. Kg3 Ra8 43. Nc3 Qc1 44. Ne2 Qd2 45. f5 Raa2 46. f6 Qd1 47. Kf3
g5 48. Qg1 Qxg1 49. Nxg1 Rf2+ 50. Ke4 Ra4+ 51. Kd3 Ra3+ 0-1

[Event "Cappelle-la-Grande 2014"]
[Site "Cappelle-la-Grande (FRA)"]
[Date "????.??.??"]
[Round "3.55"]
[White "Bodenez, Vincent"]
[Black "Naumkin, Igor"]
[Result "0-1"]
[WhiteElo "2201"]
[BlackElo "2477"]
[PlyCount "62"]

1. e4 e6 2. d4 d5 3. exd5 exd5 4. Bf4 Nf6 5. Nf3 Bg4 6. Be2 Bd6 7. Bxd6 Qxd6 8.
O-O O-O 9. h3 Bxf3 10. Bxf3 Qb6 11. Nc3 c6 12. Qd3 Nbd7 13. b3 Rfe8 14. Rfe1
Nf8 15. g3 Ne6 16. Rad1 h6 17. h4 Re7 18. Kf1 Rae8 19. Na4 Qa5 20. Qd2 Qa6+ 21.
Qd3 b5 22. Re2 Qc8 23. Nb2 c5 24. c3 Nf4 25. gxf4 Qh3+ 26. Kg1 c4 27. Rxe7 cxd3
28. Rxe8+ Nxe8 29. Rxd3 Nf6 30. Bxd5 Qg4+ 31. Bg2 Qe2 0-1